| 000 | 00986nam a22003017a 4500 | ||
|---|---|---|---|
| 003 | CHAP | ||
| 005 | 20220329134758.0 | ||
| 008 | 971013s1960 r 00010 d | ||
| 010 | _a25755 | ||
| 011 | _a26727 | ||
| 035 | _a30828 | ||
| 040 | _cCHAP | ||
| 082 |
_a026.6303 _bI5 |
||
| 110 |
_aInternational Association of Agricultural Librarians and Documentalists _959546 |
||
| 245 | _aWorld directory of agricultural libraries and documentation centres | ||
| 260 |
_aHarpenden : _bEngland, _c1960 |
||
| 300 | _a280 p | ||
| 590 |
_aBATCH-UPD _b10 _c20130110 _lUCH01 _h0201 |
||
| 590 |
_aBATCH-UPD _b10 _c20130110 _lUCH01 _h2315 |
||
| 590 |
_aBATCH-UPD _b10 _c20130409 _lUCH01 _h2209 |
||
| 590 |
_aBATCH-UPD _b10 _c20130914 _lUCH01 _h0624 |
||
| 590 |
_aCONVERSION _b10 _c20130109 _lUCH01 _h1315 |
||
| 650 | 1 | 4 |
_aBibliotecas agrÃcolas _xDirectorios. _912543 |
| 700 | 0 |
_aBoalch, D.F. ed. _913272 |
|
| 901 | _aBK | ||
| 942 | _cLIBRO | ||
| 949 |
_a026.6303 I5 _bBC _cC _d33724000479531 _eC _i30828 _sb |
||
| 999 |
_c25755 _d25755 |
||